000 00824 a2200181 4500
020 _a0306413329
020 _a9780306413322
082 _a530.44
090 _c1679
_d1679
100 1 _aChen, Francis F.
245 1 0 _aIntroduction to plasma physics and controlled fusion..
_nVolume 1, plasma physics /
_cFrancis F. Chen.
260 _a[S.l.] :
_bSpringer,
_c1974.
300 _a421 p. ;
_c24 cm.
942 _aSNS
_cBK
_k530.44 CHE
999 _c30287
_d30287